MARC-Details
| 000 -LEADER |
| fixed length control field |
02460pam a2200673 cc4500 |
| 001 - CONTROL NUMBER |
| control field |
1149071400 |
| 003 - CONTROL NUMBER IDENTIFIER |
| control field |
DE-101 |
| 005 - DATE AND TIME OF LATEST TRANSACTION |
| control field |
20260414145836.0 |
| 007 - PHYSICAL DESCRIPTION FIXED FIELD--GENERAL INFORMATION |
| fixed length control field |
tu |
| 008 - FIXED-LENGTH DATA ELEMENTS--GENERAL INFORMATION |
| fixed length control field |
171219s2018 gw ||||| |||| 00||||ger |
| 015 ## - NATIONAL BIBLIOGRAPHY NUMBER |
| National bibliography number |
18,A35 |
| Canceled/invalid national bibliography number |
18,N01 |
| Source |
dnb |
| 016 7# - NATIONAL BIBLIOGRAPHIC AGENCY CONTROL NUMBER |
| Source |
DE-101 |
| Record control number |
1149071400 |
| 020 ## - INTERNATIONAL STANDARD BOOK NUMBER |
| International Standard Book Number |
9783842045057 |
| Terms of availability |
Broschur : EUR 6.95 (DE), EUR 9.95 (DE), EUR 7.20 (AT), EUR 10.30 (AT) |
| 020 ## - INTERNATIONAL STANDARD BOOK NUMBER |
| International Standard Book Number |
3842045050 |
| 024 3# - OTHER STANDARD IDENTIFIER |
| Standard number or code |
9783842045057 |
| 035 ## - SYSTEM CONTROL NUMBER |
| System control number |
(DE-599)DNB1149071400 |
| 035 ## - SYSTEM CONTROL NUMBER |
| System control number |
(OCoLC)1153405044 |
| 040 ## - CATALOGING SOURCE |
| Original cataloging agency |
1245 |
| Language of cataloging |
ger |
| Transcribing agency |
DE-101 |
| Modifying agency |
1247 |
| Description conventions |
rda |
| 041 ## - LANGUAGE CODE |
| Language code of text/sound track or separate title |
ger |
| Language code of original |
jpn |
| 044 ## - COUNTRY OF PUBLISHING/PRODUCING ENTITY CODE |
| ISO country code |
XA-DE-HH |
| 082 74 - DEWEY DECIMAL CLASSIFICATION NUMBER |
| Classification number |
741.5 |
| Assigning agency |
DE-101 |
| Edition number |
23sdnb |
| 100 1# - MAIN ENTRY--PERSONAL NAME |
| Authority record control number or standard number |
(DE-588)120016394X |
| -- |
https://d-nb.info/gnd/120016394X |
| -- |
(DE-101)120016394X |
| Personal name |
Nishiwaki, Dat |
| Relator term |
Künstler |
| Relationship |
art |
| Source of heading or term |
gnd |
| 245 10 - TITLE STATEMENT |
| Title |
Fate stay night |
| Number of part/section of a work |
1 |
| Statement of responsibility, etc. |
Zeichnungen: Dat Nishiwaki ; Original: Type-Moon ; aus dem Japanischen von Sakura Ilgert |
| 250 ## - EDITION STATEMENT |
| Edition statement |
1. Auflage |
| 264 31 - PRODUCTION, PUBLICATION, DISTRIBUTION, MANUFACTURE, AND COPYRIGHT NOTICE |
| Place of production, publication, distribution, manufacture |
Hamburg |
| Name of producer, publisher, distributor, manufacturer |
TOKYOPOP |
| Date of production, publication, distribution, manufacture, or copyright notice |
2018 |
| 300 ## - PHYSICAL DESCRIPTION |
| Extent |
378 Seiten |
| Accompanying material |
1 character card |
| 336 ## - CONTENT TYPE |
| Content type term |
Text |
| Content type code |
txt |
| Source |
rdacontent |
| 336 ## - CONTENT TYPE |
| Content type term |
unbewegtes Bild |
| Content type code |
sti |
| Source |
rdacontent |
| 337 ## - MEDIA TYPE |
| Media type term |
ohne Hilfsmittel zu benutzen |
| Media type code |
n |
| Source |
rdamedia |
| 338 ## - CARRIER TYPE |
| Carrier type term |
Band |
| Carrier type code |
nc |
| Source |
rdacarrier |
| 653 ## - INDEX TERM--UNCONTROLLED |
| Uncontrolled term |
(Produktform)Paperback / softback |
| 653 ## - INDEX TERM--UNCONTROLLED |
| Uncontrolled term |
(Zielgruppe)Junge Erwachsene |
| 653 ## - INDEX TERM--UNCONTROLLED |
| Uncontrolled term |
(Zielgruppe)Kinder/Jugendliche |
| 653 ## - INDEX TERM--UNCONTROLLED |
| Uncontrolled term |
(Zielgruppe)ab 15 Jahre |
| 653 ## - INDEX TERM--UNCONTROLLED |
| Uncontrolled term |
(DDC-Sachgruppen der Deutschen Nationalbibliografie)741.5 |
| 653 ## - INDEX TERM--UNCONTROLLED |
| Uncontrolled term |
action manga |
| 653 ## - INDEX TERM--UNCONTROLLED |
| Uncontrolled term |
fantasy manga |
| 653 ## - INDEX TERM--UNCONTROLLED |
| Uncontrolled term |
fate stay night game |
| 653 ## - INDEX TERM--UNCONTROLLED |
| Uncontrolled term |
manga boy |
| 653 ## - INDEX TERM--UNCONTROLLED |
| Uncontrolled term |
shonen attack |
| 653 ## - INDEX TERM--UNCONTROLLED |
| Uncontrolled term |
shonen jump |
| 653 ## - INDEX TERM--UNCONTROLLED |
| Uncontrolled term |
shonen manga |
| 653 ## - INDEX TERM--UNCONTROLLED |
| Uncontrolled term |
shounen manga |
| 653 ## - INDEX TERM--UNCONTROLLED |
| Uncontrolled term |
sword art online |
| 653 ## - INDEX TERM--UNCONTROLLED |
| Uncontrolled term |
(VLB-WN)2182: Taschenbuch / Belletristik/Comic, Cartoon, Humor, Satire/Manga, Manhwa |
| 653 ## - INDEX TERM--UNCONTROLLED |
| Uncontrolled term |
(BISAC Subject Heading)CGN004190 |
| 653 ## - INDEX TERM--UNCONTROLLED |
| Uncontrolled term |
Shonen |
| 653 ## - INDEX TERM--UNCONTROLLED |
| Uncontrolled term |
Shounen |
| 653 ## - INDEX TERM--UNCONTROLLED |
| Uncontrolled term |
Magie |
| 653 ## - INDEX TERM--UNCONTROLLED |
| Uncontrolled term |
magisch |
| 653 ## - INDEX TERM--UNCONTROLLED |
| Uncontrolled term |
Abenteuer |
| 653 ## - INDEX TERM--UNCONTROLLED |
| Uncontrolled term |
Doppelband |
| 655 #7 - INDEX TERM--GENRE/FORM |
| Authority record control number or standard number |
(DE-588)4010427-8 |
| -- |
https://d-nb.info/gnd/4010427-8 |
| -- |
(DE-101)040104273 |
| Genre/form data or focus term |
Comic |
| Source of term |
gnd-content |
| 773 08 - HOST ITEM ENTRY |
| Enumeration and first page |
11 |
| Record control number |
(DE-101)1163483230 |
| 776 08 - ADDITIONAL PHYSICAL FORM ENTRY |
| Relationship information |
Erscheint auch als |
| Note |
Online-Ausgabe |
| Title |
Fate/stay night [E-Book] 01 |
| Place, publisher, and date of publication |
Hamburg : TOKYOPOP Verlag, 2018 |
| Physical description |
Online-Ressource, 194 Seiten |
| Record control number |
(DE-101)116263281X |
| 856 42 - ELECTRONIC LOCATION AND ACCESS |
| Contact for access assistance |
B:DE-101 |
| Electronic format type |
application/pdf |
| Uniform Resource Identifier |
<a href="https://d-nb.info/1149071400/04">https://d-nb.info/1149071400/04</a> |
| Materials specified |
Inhaltsverzeichnis |
| 942 ## - ADDED ENTRY ELEMENTS (KOHA) |
| Source of classification or shelving scheme |
Dewey Decimal Classification |
| Koha item type |
Manga |
| Suppress in OPAC |
No |